Reinventando la educación: nuevas formas de gestión de las instituciones educativas

Uloženo v:
Podrobná bibliografie
Hlavní autoři: Gerstner, Louis V (Autor), Semerad, Roger D (Autor), Doyle, Denis Philip (Autor), Johnston, William B (Autor)
Médium: Kniha
Jazyk:španělština
Vydáno: Barcelona Paidos 1996
Edice:Paidós Estado y Sociedad, 38
Témata:
Tagy: Přidat tag
Žádné tagy, Buďte první, kdo vytvoří štítek k tomuto záznamu!

MARC

LEADER 00000nam a2200000 a 4500
001 UCQ3047
003 CL-VaPUC
008 980817e19960000SP |||||||||||||||||spa|d
082 0 4 |a 371.1  |b GER  |2 21 
100 0 |a Gerstner, Louis V  |e author  |9 417098 
700 0 |a Semerad, Roger D  |e author  |9 417099 
700 0 |a Doyle, Denis Philip  |e author  |9 417100 
700 0 |a Johnston, William B  |e author  |9 417101 
245 1 0 |a Reinventando la educación: nuevas formas de gestión de las instituciones educativas 
300 |a 250 p 
942 |c BK 
945 |d 19980817 00:00:00  |a mvenant 
260 |a Barcelona  |b Paidos  |c 1996 
650 0 |a Reforma educacional   |9 256319 
650 0 |a Sistemas educacionales  |9 324695 
650 0 |a Investigación educacional   |9 261192 
583 |a last modification  |c 19980817 00:00:00  |k Rodrigo Vera 
490 0 |a Paidós Estado y Sociedad, 38 
999 |c 273706  |d 273704 
952 |0 0  |1 0  |4 0  |6 371_100000000000000_GER_1996  |7 0  |8 A  |9 309531  |a BIBEDU  |b BIBEDU  |d 2019-11-20  |i 3449106  |o 371.1 GER 1996  |p 3449106  |r 2019-11-20  |w 2019-11-20  |y BK  |k EDU 
952 |0 0  |1 0  |4 0  |6 371_100000000000000_GER_1996  |7 0  |8 A  |9 309532  |a BIBEDU  |b BIBEDU  |d 2019-11-20  |i 3458164  |o 371.1 GER 1996  |p 3458164  |r 2019-11-20  |w 2019-11-20  |y BK  |k LIT 
952 |0 0  |1 0  |4 0  |6 371_100000000000000_GER_1996  |7 0  |8 A  |9 309533  |a BIBEDU  |b BIBEDU  |d 2019-11-20  |i 3495493  |o 371.1 GER 1996  |p 3495493  |r 2019-11-20  |w 2019-11-20  |y BK  |k BME